MEDICAL SURGICAL NURSING : MADE INCREDIBY EASY (Record no. 1972)

MARC details
000 -LEADER
fixed length control field 00367nam a2200145Ia 4500
008 - FIXED-LENGTH DATA ELEMENTS--GENERAL INFORMATION
fixed length control field 150201s2009 xx 000 0 und d
082 ## - DEWEY DECIMAL CLASSIFICATION NUMBER
Classification number 610.7367
Item number M09P
100 ## - MAIN ENTRY--PERSONAL NAME
Personal name PELLICO , LINDA HONAN
245 ## - TITLE STATEMENT
Title MEDICAL SURGICAL NURSING : MADE INCREDIBY EASY
250 ## - EDITION STATEMENT
Edition statement 1ST
260 ## - PUBLICATION, DISTRIBUTION, ETC. (IMPRINT)
Name of publisher, distributor, etc. WOLTERS
Place of publication, distribution, etc. INDIA
Date of publication, distribution, etc. 2009
300 ## - PHYSICAL DESCRIPTION
Extent 953
650 ## - SUBJECT ADDED ENTRY--TOPICAL TERM
Topical term or geographic name as entry element SURGERY
942 ## - ADDED ENTRY ELEMENTS (KOHA)
Source of classification or shelving scheme Dewey Decimal Classification
Koha item type Books
Koha issues (borrowed), all copies 16
Holdings
Withdrawn status Lost status Source of classification or shelving scheme Damaged status Not for loan Collection code Home library Current library Shelving location Date acquired Source of acquisition Cost, normal purchase price SGTU Bill Number Total Checkouts Full call number Barcode Date last seen Date last checked out Bill Date Koha item type
    Dewey Decimal Classification     NURSING SGT Medical Library SGT Medical Library Reference Book 19/04/2012 UBS DELHI 750.00 SGTU 46 20 610.7367 M09P FN492 24/01/2025 20/01/2025 19/04/2012 Books